Префектури Японії з картою - Statistics

General Stats
  • This quiz has been taken 2 times
  • The average score is 11 of 47
Answers on the Map
Answers color-coded by a green-red scale on the quiz's map according to % correct below.
 
Answer Stats
префектура % Correct
Токіо
100%
Хоккайдо
50%
Аоморі
50%
Міяґі
50%
Фукусіма
50%
Ґумма
50%
Сайтама
50%
Тіба
50%
Канаґава
50%
Сідзуока
50%
Айті
50%
Наґано
50%
Кіото
50%
Осака
50%
Нара
50%
Хіросіма
50%
Фукуока
50%
Наґасакі
50%
Міядзакі
50%
Окінава
50%
Івате
0%
Акіта
0%
Ямаґата
0%
Тотіґі
0%
Ибараки
0%
Яманасі
0%
Ніїґата
0%
Тояма
0%
Фукуй
0%
Ісікава
0%
Ґіфу
0%
Сіґа
0%
Міє
0%
Вакаяма
0%
Хіого
0%
Тотторі
0%
Сімане
0%
Окаяма
0%
Ямаґуті
0%
Ехіме
0%
Каґава
0%
Коті
0%
Токушіма
0%
Саґа
0%
Кумамото
0%
Ойта
0%
Каґошіма
0%
No matching quizzes found
Score Distribution
Percent of People with Each Score
Percentile by Number Answered
Your Score History
You have not taken this quiz